000 00472nam a2200181Ia 4500
001 46813
008 140429s9999 xx 000 0 und d
020 _aNA
040 _cPK-LaUMT
082 _aRHC 891.4393
_bNAZ-I
100 _aNazir Ahmad (deputy)
245 _aIbnul vaqt (Urdu)
_cNazir Ahmad (deputy)
260 _aKarachi,Pakistan:
_bThe Manager of Puhlications,
_c1969
300 _a308 p.
546 _aUR
650 _aPakistani literature-Urdu
942 _cBK
999 _c44762
_d44762